Vstup Slovenskej republiky do Európskej únie z pohľadu DPH

Vymedzenie územnej pôsobnosti z hľadiska uplatňovania mechanizmu dane z pridanej hodnoty. Pojmy tuzemsko, zahraničie, územie spoločenstiev a územie tretích štátov. Zdaňovanie dovozu a vývozu tovarov. Intrakomunitárne obchody. Uskutočňovanie trojstranných obchodov. Charakteristika základných pojmov -...

Ausführliche Beschreibung

Gespeichert in:
Bibliographische Detailangaben
1. Verfasser: Zoričáková, Viera, 1960-
Weitere Verfasser: Simonidesová, Jana, 1968-
Format: Buchkapitel
Sprache:Slowakisch
Schlagworte:
Tags: Tag hinzufügen
Keine Tags, Fügen Sie das erste Tag hinzu!

MARC

LEADER 00000naa$a2200000$$$4500
001 0025590
005 20240502071422.8
041 0 |a slo 
044 |a SK 
245 1 0 |a Vstup Slovenskej republiky do Európskej únie z pohľadu DPH  |c Viera Zoričáková, Jana Simonidesová 
520 |a Vymedzenie územnej pôsobnosti z hľadiska uplatňovania mechanizmu dane z pridanej hodnoty. Pojmy tuzemsko, zahraničie, územie spoločenstiev a územie tretích štátov. Zdaňovanie dovozu a vývozu tovarov. Intrakomunitárne obchody. Uskutočňovanie trojstranných obchodov. Charakteristika základných pojmov - registračná povinnosť, zásielkový predaj, dodanie tovaru a dodanie služby- ich aplikácia v praxi. 
610 2 0 |a dane z hodnoty pridanej 
610 2 0 |a Slovensko 
610 2 0 |a Európska únia 
610 2 0 |a aproximácia práva 
610 2 0 |a terminológia 
610 2 0 |a vzťahy obchodné 
610 2 0 |a zdaňovanie 
610 2 0 |a vývoz 
610 2 0 |a dovoz 
610 2 0 |a pohyb tovaru 
610 2 0 |a povinnosť oznamovacia 
100 1 |a Zoričáková, Viera, 1960- 
700 1 |a Simonidesová, Jana, 1968-